Statistics for Men's Olympic All Around Champions

Click here to take the quiz!

General Stats

  • This quiz has been taken 56 times
    (11 since last reset)
  • The average score is 13 of 28

Answer Stats

HintCountry RepresentedAnswer% Correct
2016JapanKohei Uchimura
82%
2012JapanKohei Uchimura
82%
2000RussiaAlexei Nemov
64%
2004United StatesPaul Hamm
64%
1968JapanSawao Kato
64%
1972JapanSawao Kato
64%
1992Unified TeamVitaly Scherbo
64%
2020JapanDaiki Hashimoto
55%
1976Soviet UnionNikolai Andrianov
55%
1988Soviet UnionVladimir Artemov
55%
2008ChinaYang Wei
55%
1984JapanKoji Gushiken
45%
1996ChinaLi Xiaoshuang
45%
1952Soviet UnionViktor Chukarin
45%
1956Soviet UnionViktor Chukarin
45%
1964JapanYukio Endo
45%
1908ItalyAlberto Braglia
36%
1912ItalyAlberto Braglia
36%
1960Soviet UnionBoris Shakhlin
36%
1928SwitzerlandGeorges Miez
36%
1920ItalyGiorgio Zampori
36%
1900FranceGustav Sandras
36%
1932ItalyRomeo Neri
36%
1904United StatesJulius Lenhart
27%
1924YugoslaviaLeon Stukelj
27%
1948FinlandVeikko Huhtanen
27%
1936GermanyAlfred Schwarzmann
18%
1980Soviet UnionAlexander Ditayatin
0%

Score Distribution

Percentile by Number Answered

Percent of People with Each Score

Your Score History

You have not taken this quiz since the last reset